3 Biggest European Cities by Letter - Statistics

General Stats
  • This quiz has been taken 43 times
    19 since last reset
  • The average score is 42 of 78
Answer Stats
Population City % Correct
A 1,196,130 Amsterdam
100%
A 3,156,620 Athens
100%
B 5,752,150 Barcelona
100%
K 3,015,780 Kyiv
100%
L 9,927,020 London
100%
M 3,174,960 Milan
100%
O 1,130,110 Oslo
100%
P 11,418,300 Paris
100%
V 2,020,320 Vienna
100%
Z 1,466,850 Zurich
100%
B 3,584,240 Berlin
94%
H 1,362,160 Helsinki
94%
L 3,040,920 Lisbon
94%
M 6,834,320 Madrid
94%
M 12,756,500 Moscow
94%
R 4,361,370 Rome
94%
W 1,800,190 Warsaw
94%
F 650,000 Frankfurt
89%
B 2,724,410 Birmingham
83%
C 1,409,680 Copenhagen
83%
H 1,788,890 Hamburg
83%
I 16,419,100 Istanbul
83%
N 2,185,610 Naples
83%
S 1,754,720 Stockholm
83%
S 5,608,910 St Petersburg
83%
D 1,313,820 Dublin
78%
P 1,339,000 Porto
78%
L 1,799,720 Lyon
72%
T 1,814,300 Turin
72%
Z 698,966 Zagreb
72%
E 568,163 Edinburgh
67%
G 1,730,280 Glasgow
61%
K 1,413,760 Kharkiv
61%
A 1,068,660 Antwerp
56%
K 1,302,070 Kazan
56%
S 1,284,870 Sofia
56%
C 963,395 Cologne
50%
D 926,488 Dnipro
50%
E 580,921 Essen
50%
N 1,249,590 Nizhny Novgorod
50%
O 1,001,558 Odessa
50%
R 1,030,820 Rotterdam
50%
T 816,014 Thessaloniki
50%
V 991,693 Volgograd
50%
D 870,629 Donetsk
44%
G 650,083 Geneva
44%
H 539,317 Hannover
44%
R 1,074,482 Rostov on Don
44%
Y 1,540,000 Yekaterinburg
44%
G 675,015 Genoa
39%
P 1,087,440 Perm
39%
U 1,149,690 Ufa
39%
W 634,893 Wroclaw
39%
F 362,353 Florence
33%
J 207,532 Jerez de la Frontera
33%
N 961,174 Nice
33%
T 1,088,900 Toulouse
33%
U 290,529 Utrecht
33%
Q 63,849 Quimper
28%
Z 674,317 Zaragoza
28%
E 374,979 Eindhoven
22%
V 1,087,730 Voronezh
22%
C 1,248,010 Chelyabinsk
17%
F 215,966 Freiburg
11%
O 570,323 Orenburg
11%
Q 68,585 Quartu Sant'Elena
11%
W 360,797 Wuppertal
11%
X 21,572 Xanten
11%
X 111,631 Xanthi
11%
I 653,118 Izhevsk
6%
J 116,557 Jaen
6%
J 149,269 Jyvaskyla
6%
U 640,680 Ulyanovsk
6%
Y 606,730 Yaroslavl
6%
Y 279,100 Yoshkar-Ola
6%
I 398,188 Ivanovo
0%
Q 103,399 Queluz
0%
X 29,045 Xativa
0%
No matching quizzes found
Score Distribution
Percent of People with Each Score
Percentile by Number Answered
Your Score History
You have not taken this quiz since the last reset